Environnement (Registro nro. 27583)
[ vista simple ]
| 000 -CABECERA | |
|---|---|
| Longitud fija campo de control | 00945naa a2200253 c 4500 |
| 001 - NÚMERO DE CONTROL | |
| Número de control | 27583 |
| 003 - IDENTIFICADOR DE NÚMERO DE CONTROL | |
| Identificador del número de control | ES-MaCES |
| 005 - FECHA Y HORA DE LA ÚLTIMA TRANSACCIÓN | |
| Fecha y hora de la última transacción | 20150925135357.0 |
| 008 - CAMPO FIJO DE DESCRIPCIÓN FIJA--INFORMACIÓN GENERAL | |
| Códigos de información de longitud fija | 950905n1995 fr ||| | fre d |
| 035 ## - NÚMERO DE CONTROL DEL SISTEMA | |
| Número de control del sistema | CES19980015185v |
| 040 ## - FUENTE DE CATALOGACIÓN | |
| Centro catalogador de origen | ES-MaCES |
| Lengua de catalogación | spa |
| Centro transcriptor | ES-MaCES |
| 245 00 - MENCIÓN DE TÍTULO | |
| Título | Environnement |
| Resto del título | : Conférence sur les changements climatiques : ONU, Berlin |
| 500 ## - NOTA GENERAL | |
| Nota general | Incluye los discursos de Alemania, Francia y Brasil y Declaración de la UE |
| 650 #4 - ASIENTO SECUNDARIO DE MATERIA--TÉRMINO DE MATERIA | |
| Término de materia o nombre geográfico como elemento inicial | papel de la UE |
| 9 (RLIN) | 31557 |
| 650 #4 - ASIENTO SECUNDARIO DE MATERIA--TÉRMINO DE MATERIA | |
| Término de materia o nombre geográfico como elemento inicial | protección ambiental |
| 9 (RLIN) | 29423 |
| 650 #4 - ASIENTO SECUNDARIO DE MATERIA--TÉRMINO DE MATERIA | |
| Término de materia o nombre geográfico como elemento inicial | cambio climático |
| 9 (RLIN) | 30961 |
| 653 10 - TÉRMINO DE INDEXACIÓN--NO CONTROLADO | |
| Término no controlado | Medio ambiente |
| 650 #4 - ASIENTO SECUNDARIO DE MATERIA--TÉRMINO DE MATERIA | |
| 9 (RLIN) | 28715 |
| Término de materia o nombre geográfico como elemento inicial | medio ambiente |
| 711 2# - ENCABEZAMIENTO SECUNDARIO--NOMBRE DE REUNIÓN | |
| Nombre de congreso o nombre de jurisdicción como elemento inicial | Conférence sur les changements climatiques |
| Fecha del congreso | 1995 |
| Sede del congreso | Berlín |
| 9 (RLIN) | 357 |
| 773 0# - ENTRADA DE DOCUMENTO FUENTE | |
| Título | Documents d'actualité internationale |
| Parte(s) relacionada(s) | Paris. - 1995, nº 11 (1 juin) ; p. 318-324 |
| Número de control del registro relacionado | (ES-MaCES)25380 |
| 902 ## - CES. TIPO DE DOCUMENTO | |
| Tipodoc (006$c Sirtex) | ART Artículo de revista |
| 942 ## - ELEMENTOS KOHA | |
| Fuente de clasificaión o esquema | Clasificación propia del CES |
| Koha [por defecto] tipo de item | Artículos (1982-2017) |
| Parte de clasificación | 4.2. |
No hay ítems disponibles.
